00366nam a2200121Ia 4500003000400000008004100004040001600045082001800061245008000079260006900159300001100228490000500239GCL140319s9999 xx 000 0 ara d aGCL / cGCL04a372.86bع ط10aطرق التدريس فى التربية البدانية والرياضة a[S.N] : bمنشاة المعارف الاسلامية ، c1993 a529 ص a